Biggest World Cities within 400 km with letter hints on dots - Statistics

General Stats
  • This quiz has been taken 755 times
  • The average score is 175 of 372
Answers on the Map
Answers color-coded by a green-red scale on the quiz's map according to % correct below.
 
Answer Stats
City % Correct
New York (Mo_ - __ro__ - __ax)
91%
London (Th_ - __rd__ - __in)
90%
Los Angeles (Sa_ - __oe__ - __lo)
87%
Chicago (Sa_ - __nn__ - __to)
86%
Mexico City (Gu_ - __nt__ - __da)
86%
Miami (Ki_ - __la__ - __ns)
86%
Moscow (Ni_ - __in__ - __iv)
86%
Seattle (Bo_ - __lg__ - __gs)
86%
Berlin (Th_ - __da__ - __lm)
85%
Madrid (Li_ - __rc__ - __ux)
85%
Oslo (St_ - __rl__ - __lu)
85%
Tokyo (Os_ - __pp__ - __ul)
85%
Toronto (Mo_ - __w __ - __go)
85%
Dallas (Lu_ - __w __ - __ey)
84%
Delhi (Lu_ - __ho__ - __ad)
84%
Lisbon (Ma_ - __sa__ - __al)
84%
Montréal (To_ - __w __ - __ax)
84%
Saint Petersburg (Ou_ - __sc__ - __lm)
84%
Stockholm (Os_ - __in__ - __lu)
84%
Atlanta (Ne_ - __in__ - __go)
83%
Barcelona (Bo_ - __dr__ - __rs)
83%
Beijing (Qi_ - __en__ - __ng)
83%
Cairo (Am_ - __xo__ - __wf)
83%
Istanbul (Bu_ - __he__ - __ev)
83%
San Francisco (Lo_ - __is__ - __ty)
83%
Sydney (Me_ - __is__ - __rt)
83%
Athens (Is_ - __ng__ - __st)
82%
Bogotá (Ma_ - __na__ - __os)
82%
Budapest (Bu_ - __rl__ - __an)
82%
Milan (Na_ - __e __ - __na)
82%
Kiev (Kh_ - __ns__ - __st)
81%
Lima (Tr_ - __ca__ - __os)
81%
Melbourne (Ho_ - __el__ - __ey)
81%
Mumbai (Ah_ - __de__ - __ur)
81%
Baghdad (Ta_ - __wa__ - __an)
80%
Cape Town (Po_ - __ha__ - __ek)
80%
Caracas (Ma_ - __ud__ - __go)
80%
Jakarta (Pa_ - __ra__ - __re)
80%
Manila (Ce_ - __er__ - __ao)
80%
Naples (Tu_ - __la__ - __st)
80%
Perth (Ka_ - __rn__ - __nd)
80%
Santiago (Co_ - __rd__ - __en)
80%
São Paulo (Po_ - __as__ - __de)
80%
Seoul (Sh_ - __ng__ - __ka)
80%
Shanghai (Qi_ - __ha__ - __en)
80%
Tehran (Ta_ - __ku__ - __ad)
80%
Tunis (Tr_ - __pl__ - __rs)
80%
Algiers (Ba_ - __ni__ - __id)
79%
Auckland (We_ - __ng__ - __gi)
79%
Brasília (Ba_ - __lm__ - __lo)
79%
Bucharest (Is_ - __da__ - __ns)
79%
Buenos Aires (Ba_ - __rd__ - __re)
79%
Denver (Ra_ - __lt__ - __gs)
79%
Minsk (Ki_ - __sc__ - __rg)
79%
Osaka (To_ - __ou__ - __ro)
79%
Panama City (Sa_ - __go__ - __bo)
79%
Anchorage (Fa_ - __th__ - __me)
78%
Bangkok (Ud_ - __ng__ - __ty)
78%
Dhaka (Ma_ - __th__ - __on)
78%
Johannesburg (Ma_ - __rb__ - __th)
78%
Phoenix (He_ - __ud__ - __es)
78%
Riyadh (Ku_ - __dd__ - __ai)
78%
Calgary (Sa_ - __at__ - __gs)
77%
Guangzhou (Xi_ - __no__ - __an)
77%
Hanoi (Ud_ - __nm__ - __ng)
77%
Lagos (Ac_ - __am__ - __an)
77%
Minneapolis (Th_ - __ic__ - __eg)
77%
Singapore (Pa_ - __ch__ - __ta)
77%
Addis Ababa (Dj_ - __ma__ - __ba)
76%
Casablanca (Li_ - __dr__ - __al)
76%
Dubai (Ke_ - __wa__ - __dh)
76%
Guatemala City (Mé_ - __n __ - __ty)
76%
Honolulu (Ta_ - __ju__ - __ge)
76%
Kingston (Sa_ - __am__ - __bo)
76%
La Paz (Sa_ - __o __ - __ta)
76%
New Orleans (At_ - __ll__ - __is)
76%
Reykjavik (Ta_ - __on__ - __oq)
76%
Sana'a (Dj_ - __ M__ - __ra)
76%
Tripoli (Tu_ - __ng__ - __ha)
76%
Dakar (No_ - __ai__ - __ry)
75%
Guadalajara (Me_ - __li__ - __ey)
75%
Kuwait City (Ri_ - __gh__ - __an)
75%
Nairobi (Ka_ - __sm__ - __am)
75%
Santo Domingo (Ki_ - __ra__ - __as)
75%
Wellington (Au_ - __it__ - __on)
75%
Amman (Ca_ - __xo__ - __ad)
74%
Brisbane (Sy_ - __wn__ - __ne)
74%
Karachi (Qu_ - __me__ - __ai)
74%
Nuuk (Qa_ - __si__ - __it)
74%
Salt Lake City (Bo_ - __nv__ - __gs)
74%
San José (Pa_ - __at__ - __on)
74%
Dar es Salaam (Na_ - __ey__ - __yo)
73%
Khartoum (As_ - __ D__ - __ah)
73%
Kinshasa (Lu_ - __an__ - __le)
73%
Accra (La_ - __id__ - __ou)
72%
Adelaide (Me_ - __ba__ - __ey)
72%
Colombo (Ba_ - __le__ - __ah)
72%
Ho Chi Minh City (Da_ - __ng__ - __ni)
72%
Kingston (No_ - __ck__ - __la)
72%
Saint Louis (Ch_ - __nn__ - __ta)
71%
Ulaanbaatar (Sa_ - __vd__ - __sk)
71%
Asunción (Ca_ - __n __ - __re)
70%
Baku (Ta_ - __hr__ - __us)
70%
Juneau (No_ - __ch__ - __ks)
70%
Kathmandu (Lu_ - __ak__ - __hi)
70%
Luanda (Ki_ - __br__ - __ka)
70%
Mogadishu (Ki_ - __ir__ - __ba)
70%
Monterrey (Gu_ - __xi__ - __an)
70%
The Ruhr (Be_ - __nd__ - __an)
70%
Antananarivo (To_ - __ts__ - __la)
69%
Bangalore (Hy_ - __lo__ - __am)
69%
Bordeaux (Ba_ - __dr__ - __on)
69%
Jeddah (As_ - __xo__ - __dh)
68%
Kampala (Na_ - __ba__ - __ni)
68%
Lahore (De_ - __et__ - __ow)
68%
Halifax (Mo_ - __in__ - __rk)
67%
Sapporo (To_ - __ak__ - __in)
67%
Tashkent (Ky_ - __ma__ - __us)
67%
Xi'an (Zh_ - __nz__ - __du)
67%
Bamako (Ou_ - __na__ - __an)
66%
Georgetown (Bo_ - __ud__ - __as)
66%
Georgetown (Ja_ - __id__ - __ry)
66%
Lusaka (Lu_ - __ng__ - __we)
66%
Male (Fu_ - __lo__ - __re)
66%
Manaus (Sa_ - __a __ - __ho)
66%
Maputo (Jo_ - __rb__ - __ra)
66%
Winnipeg (Th_ - __nn__ - __on)
66%
Durban (Ma_ - __ha__ - __th)
65%
Hyderabad (Na_ - __ng__ - __am)
65%
Port Moresby (We_ - __ko__ - __wa)
65%
Niamey (Ou_ - __no__ - __os)
64%
Recife (Fo_ - __lv__ - __as)
64%
Suva (Nu_ - __na__ - __la)
64%
Chengdu (La_ - __'a__ - __ng)
63%
Conakry (Da_ - __ma__ - __tt)
63%
Djibouti (Sa_ - __di__ - __ra)
63%
Fairbanks (An_ - __uv__ - __ow)
63%
Victoria (An_ - __ga__ - __os)
63%
Yaoundé (Li_ - __ng__ - __ka)
63%
Abidjan (Ac_ - __ag__ - __os)
62%
Guayaquil (Tr_ - __ui__ - __pa)
62%
Saint John's (Ha_ - __li__ - __oq)
62%
Ahmedabad (Mu_ - __ra__ - __ur)
61%
Darwin (Ku_ - __ul__ - __ng)
61%
N'Djamena (Ka_ - __lm__ - __ui)
61%
Ouagadougou (Ni_ - __ma__ - __ra)
61%
Yangon (Ma_ - __ng__ - __ir)
61%
Almaty (Ta_ - __ra__ - __qi)
60%
Bangui (Mb_ - __ou__ - __ni)
60%
Boise (Sa_ - __at__ - __gs)
60%
Hobart (Me_ - __dn__ - __de)
60%
Porto Alegre (As_ - __en__ - __lo)
60%
Praia (Da_ - __ua__ - __ry)
60%
Salvador (Re_ - __rr__ - __za)
60%
Apia (At_ - __of__ - __fa)
59%
Asmara (Sa_ - __ib__ - __ah)
59%
Fortaleza (Re_ - __o __ - __iz)
59%
Juba (Wa_ - __mp__ - __ni)
59%
Lilongwe (Mb_ - __mp__ - __ka)
59%
Port Louis (Ca_ - __rt__ - __vo)
59%
Ürümqi (Al_ - __ma__ - __vd)
59%
Windhoek (Ru_ - __ng__ - __rg)
59%
Wuhan (Zh_ - __'a__ - __ai)
59%
Xiamen (Gu_ - __ha__ - __ai)
59%
Harbin (Sh_ - __ou__ - __ng)
58%
Port Elizabeth (Ca_ - __rb__ - __rg)
58%
Belém (Im_ - __o __ - __em)
57%
Kano (N'_ - __am__ - __os)
57%
Libreville (Ya_ - __ns__ - __os)
57%
Nouakchott (Da_ - __kh__ - __ia)
57%
Novosibirsk (Om_ - __as__ - __ay)
57%
Honiara (Ar_ - __ko__ - __en)
56%
Nizhny Novgorod (Mo_ - __ma__ - __ad)
56%
Cebu (Da_ - __er__ - __la)
55%
Surabaya (Ja_ - __ka__ - __an)
55%
Córdoba (Sa_ - __en__ - __go)
54%
Luxor (Ca_ - __ma__ - __ah)
54%
Alice Springs (Te_ - __un__ - __ra)
53%
Benghazi (Tr_ - __he__ - __ha)
53%
Maracaibo (Ca_ - __go__ - __go)
53%
Port Vila (No_ - __va__ - __on)
53%
Tarawa (Ma_ - __ij__ - __ye)
53%
Volgograd (Kh_ - __ma__ - __od)
53%
Yekaterinburg (Sa_ - __sk__ - __ut)
53%
Kharkiv (Ki_ - __lg__ - __ow)
52%
Murmansk (Ou_ - __om__ - __sk)
52%
Omsk (Ka_ - __vo__ - __ut)
52%
Yellowknife (Ku_ - __rm__ - __en)
52%
Lucknow (De_ - __th__ - __ur)
51%
Santa Cruz (La_ - __ia__ - __de)
51%
Majuro (Eb_ - __ra__ - __ol)
49%
Funafuti (At_ - __va__ - __ia)
48%
Nuku'alofa (Al_ - __va__ - __ia)
48%
Samara (Ni_ - __lg__ - __rg)
47%
Billings (Ra_ - __lt__ - __se)
46%
Ciudad Juárez (Lu_ - __rm__ - __ix)
46%
Nome (Be_ - __ad__ - __ow)
46%
Mandalay (Ya_ - __ak__ - __ng)
45%
Mashhad (Nu_ - __rm__ - __an)
45%
Mérida (Gu_ - __w __ - __ty)
44%
Saskatoon (Ca_ - __om__ - __eg)
44%
Las Palmas de Gran Canaria (Da_ - __nc__ - __ca)
43%
Shenyang (Ha_ - __ou__ - __ng)
43%
Qingdao (Be_ - __an__ - __ul)
42%
Tromso (Mu_ - __lu__ - __en)
42%
Irkutsk (Br_ - __aa__ - __ta)
41%
Oulu (Mu_ - __om__ - __rg)
41%
Thunder Bay (Mi_ - __nn__ - __go)
41%
Davao (Ce_ - __na__ - __sa)
39%
Kunming (Ha_ - __en__ - __ay)
39%
Lubbock (Da_ - __ud__ - __er)
39%
Arkhangel'sk (Mu_ - __lu__ - __rg)
38%
Barrow (Fa_ - __me__ - __ik)
38%
Da Nang (Ud_ - __no__ - __ty)
38%
Lubumbashi (Lu_ - __ng__ - __ya)
38%
Nagpur (Hy_ - __sh__ - __ow)
38%
Funchal (La_ - __sa__ - __on)
37%
Iqaluit (Cl_ - __uk__ - __et)
37%
Stanley (Pu_ - __mo__ - __en)
37%
Naha (Sh_ - __am__ - __ka)
36%
Tabriz (Ba_ - __hr__ - __ad)
36%
Yakutsk (Ne_ - __ta__ - __ra)
36%
Krasnoyarsk (Br_ - __vo__ - __sk)
35%
Makassar (Ba_ - __pa__ - __ya)
35%
Saint George's (Ne_ - __li__ - __go)
34%
São Luís (Be_ - __pe__ - __za)
34%
Longyearbyen (Tr_ - __on__ - __sk)
33%
Noumea (Po_ - __ng__ - __va)
33%
Punta Arenas (Co_ - __an__ - __en)
33%
Townsville (Mo_ - __ip__ - __by)
33%
Edinburgh of the Seven Seas (Ja_ - __yt__ - __wn)
32%
Mbuji-Mayi (Lu_ - __sa__ - __ka)
32%
Petropavlovsk-Kamchatsky (Ma_ - __ho__ - __ra)
32%
Quetta (Ka_ - __ho__ - __an)
31%
Zhengzhou (Xi_ - __ha__ - __ng)
31%
Iquitos (Pu_ - __ay__ - __lo)
30%
Adamstown (Ri_ - __uo__ - __oa)
29%
Rapid City (Bi_ - __nv__ - __eg)
29%
Antofagasta (Sa_ - __ P__ - __uz)
28%
Faaa (Mo_ - __ar__ - __na)
28%
Hanga Roa (Ad_ - __ki__ - __ra)
28%
Palembang (Ja_ - __ng__ - __ng)
28%
Concepción (Sa_ - __uq__ - __ca)
27%
Hermosillo (Ph_ - __ud__ - __an)
27%
Jamestown (Ge_ - __an__ - __an)
26%
McMurdo Station (Wa_ - __ba__ - __on)
26%
Noril'sk (Di_ - __at__ - __ra)
26%
Jayapura (Po_ - __ro__ - __pa)
25%
Lanzhou (Xi_ - __en__ - __do)
25%
Ponta Delgada (Fu_ - __s __ - __on)
25%
Port-aux-Francais (Po_ - __rt__ - __ra)
25%
Saipan (Co_ - __no__ - __te)
25%
Trujillo (Li_ - __ca__ - __il)
25%
Avarua (Mo_ - __of__ - __aa)
24%
Dutch Harbor (Be_ - __me__ - __ge)
24%
Grytviken (St_ - __nt__ - __ia)
23%
Magadan (Ok_ - __t-__ - __ky)
23%
Puerto Ayora (Gu_ - __n __ - __lo)
23%
Anadyr (Bi_ - __me__ - __el)
22%
Bethel (No_ - __ch__ - __or)
22%
Comodoro Rivadavia (Ne_ - __nt__ - __ca)
22%
Koror State (Co_ - __ro__ - __ao)
22%
West Island (Ja_ - __le__ - __re)
22%
Ambon (So_ - __na__ - __ng)
21%
Banda Aceh (Po_ - __ng__ - __ok)
21%
Boa Vista (Ge_ - __ud__ - __us)
21%
Broome (Po_ - __nu__ - __ng)
21%
Ciudad Guayana (Ge_ - __ra__ - __ta)
21%
Kisangani (Mb_ - __an__ - __la)
21%
Port Blair (Ya_ - __nd__ - __ok)
21%
Porto Velho (Ri_ - __na__ - __az)
21%
Rankin Inlet (Gj_ - __om__ - __fe)
21%
Tabwakea Village (At_ - __no__ - __aa)
21%
Inuvik (No_ - __ir__ - __uk)
20%
Kalgoorlie (Pe_ - __rn__ - __nd)
20%
Kuching (Si_ - __li__ - __ng)
20%
Port Hedland (Br_ - __rn__ - __ra)
20%
Rikitea (Ad_ - __uo__ - __aa)
20%
Thompson (Wi_ - __sk__ - __et)
20%
Vishakhapatnam (Hy_ - __gp__ - __re)
20%
Waitangi (We_ - __ck__ - __on)
20%
Atuona (Fa_ - __ki__ - __ai)
19%
Kota Kinabalu (Pu_ - __li__ - __ng)
19%
San Miguel de Tucuman (Có_ - __to__ - __ón)
19%
Tamanrasset (Bi_ - __ou__ - __ha)
19%
Bahia Blanca (Ne_ - __en__ - __ba)
18%
Campo Grande (Cu_ - __un__ - __ia)
18%
Cuiaba (Si_ - __mp__ - __uz)
18%
Culiacan (He_ - __ad__ - __ey)
18%
Mount Isa (Te_ - __ic__ - __le)
18%
Olonkinbyen (Re_ - __om__ - __en)
18%
Palmas (Ba_ - __pe__ - __ia)
18%
Salalah (Al_ - __ba__ - __'a)
18%
Al Jawf (Ao_ - __ng__ - __ha)
17%
Balikpapan (Ma_ - __ch__ - __lu)
17%
Beira (Li_ - __mp__ - __to)
17%
Gjoa Haven (Ra_ - __gl__ - __er)
17%
Weno (Ko_ - __ip__ - __ol)
17%
Chita (Ir_ - __aa__ - __nd)
16%
Clyde River (Iq_ - __uk__ - __en)
16%
Colonia (Ko_ - __ip__ - __ra)
16%
Karagandy (Om_ - __ma__ - __da)
16%
Kolonia (To_ - __no__ - __ye)
16%
Moerai (Fa_ - __ar__ - __ea)
16%
Nukus (Ky_ - __sh__ - __nt)
16%
Puerto Princesa (Ko_ - __bu__ - __la)
16%
Surgut (Om_ - __rk__ - __rg)
16%
Al Mukalla (Sa_ - __la__ - __ti)
15%
Alofi (Nu_ - __ia__ - __ua)
15%
Nhulunbuy (We_ - __rw__ - __ek)
15%
Vorkuta (Su_ - __ks__ - __sk)
15%
Antsiranana (An_ - __ct__ - __la)
14%
Dikson (No_ - __at__ - __ta)
14%
Happy Valley-Goose Bay (Sa_ - __li__ - __oq)
14%
Kerman (Du_ - __sh__ - __an)
14%
Kugluktuk (No_ - __ll__ - __ik)
14%
Mbeya (Li_ - __r __ - __hi)
14%
Nampula (Li_ - __ir__ - __am)
14%
Neuquen (Co_ - __hi__ - __go)
14%
Port Mathurin (Ca_ - __rt__ - __vo)
14%
Qaqortoq (Nu_ - __si__ - __ay)
14%
Sabha (Ao_ - __ip__ - __zi)
14%
Tasiilaq (Nu_ - __qo__ - __ik)
14%
Tiksi (Ba_ - __at__ - __ra)
14%
Hovd (Ul_ - __yn__ - __sk)
13%
Kupang (Ma_ - __rw__ - __ra)
13%
Manado (Da_ - __bo__ - __ng)
13%
Neryungri (Ya_ - __rn__ - __ta)
13%
Rio Branco (Po_ - __ P__ - __pa)
13%
Rundu (Mo_ - __nd__ - __ka)
13%
Udon Thani (Ba_ - __no__ - __ng)
13%
Arijejen (Ta_ - __fo__ - __ro)
12%
Carnarvon (Po_ - __rt__ - __ie)
12%
Norman Wells (In_ - __gl__ - __fe)
12%
Santarem (Ma_ - __lé__ - __iz)
12%
Tennant Creek (Al_ - __un__ - __ra)
12%
Weipa (Nh_ - __rt__ - __le)
12%
Altay (Ür_ - __vo__ - __sk)
11%
Arawa (Ko_ - __ni__ - __by)
11%
Batagay (Ti_ - __t-__ - __sk)
11%
Bilibino (An_ - __t-__ - __an)
11%
Khatanga (No_ - __ks__ - __ra)
11%
Kismayo (Mo_ - __ir__ - __am)
11%
Kununurra (Da_ - __nn__ - __me)
11%
Mirny (Tu_ - __ku__ - __ri)
11%
Pucallpa (Li_ - __uj__ - __os)
11%
Sorong (Am_ - __na__ - __te)
11%
Toliara (An_ - __ir__ - __la)
11%
Ust-Nera (Ba_ - __ho__ - __an)
11%
Atafu Village (Ap_ - __na__ - __fi)
10%
Bratsk (Ir_ - __as__ - __ta)
10%
Cargados Carajos (Po_ - __rt__ - __na)
10%
Dakhla (La_ - __ua__ - __al)
10%
Ebaye (Ma_ - __fo__ - __wa)
10%
El Daein (Wa_ - __ar__ - __ba)
10%
Fuvahmulah (Ma_ - __lo__ - __re)
10%
Imperatriz (Be_ - __o __ - __as)
10%
Tofol (Ko_ - __ay__ - __en)
10%
Wau (El_ - __ba__ - __ni)
10%
Barreiras (Pa_ - __as__ - __or)
9%
Bilma (Ao_ - __Dj__ - __no)
9%
Kyzylorda (Ta_ - __ku__ - __dy)
9%
Okhotsk (Ma_ - __t-__ - __sk)
9%
Qamdo (Ch_ - __nz__ - __ng)
9%
Tura (Mi_ - __ri__ - __ga)
9%
Kokopo (Ar_ - __rt__ - __ra)
8%
Mbandaka (Ba_ - __ns__ - __ni)
8%
Saynshand (Ul_ - __vd__ - __ng)
8%
Sinop (Cu_ - __lm__ - __ia)
8%
Aozou (Bi_ - __bh__ - __wf)
7%
Taoudenni (Ta_ - __ag__ - __ko)
6%
Mongu (Ru_ - __sa__ - __hi)
5%
No matching quizzes found
Score Distribution
Percent of People with Each Score
Percentile by Number Answered
Your Score History
You have not taken this quiz